000 00345nam a22000977a 4500
999 _c508569
_d508569
082 _aT25
100 _aUnited States. Department of the Air Force
_93987
245 _aHow to apply problem solving techniques to human relations problems
_cby Department of the Air Force
260 _aWashington
_bU.S. Government Printing Office
_c1959
300 _a12p.